Todos los fuegos el fuego

Uloženo v:
Podrobná bibliografie
Hlavní autor: Cortázar, Julio (Autor)
Médium: Kniha
Jazyk:španělština
Vydáno: Buenos Aires Sudamericana 1972
Vydání:13a. ed
Témata:
Tagy: Přidat tag
Žádné tagy, Buďte první, kdo vytvoří štítek k tomuto záznamu!

MARC

LEADER 00000nam a2200000 a 4500
001 UCX2771
003 CL-VaPUC
008 910809e19720000AG |||||||||||||||||spa|d
082 0 4 |a Ar863  |b COR  |2 21 
100 |a Cortázar, Julio  |e author  |9 345745 
245 1 0 |a Todos los fuegos el fuego 
250 |a 13a. ed 
300 |a 197 p 
942 |c BK 
945 |d 19910809 00:00:00 
260 |a Buenos Aires  |b Sudamericana  |c 1972 
650 7 |a CUENTOS ARGENTINOS  |2 CL-VaPUC  |9 318856 
583 |a last modification  |c 19910809 00:00:00  |k Rodrigo Vera 
999 |c 223719  |d 223717 
952 |0 0  |1 0  |4 0  |6 AR_863_000000000000000_COR_1972  |7 0  |8 A  |9 219770  |a BIBEDU  |b BIBEDU  |d 2019-11-15  |i 2884607  |l 2  |o Ar863 COR 1972  |p 2884607  |r 2025-04-08  |s 2025-04-03  |w 2019-11-15  |y BK  |k LIT